000 00685na a2200229 4500
001 17907
003 MIRAKIL
005 20181213154913.0
008 161108b tu 000 0
040 _aMilas
_btur
_cTR-AnCHP
041 _atur
082 _a330.9561
_bE46 2001
090 _a330.9561 E46 2001
245 _aEkonomik istikrar için şeffaf devlet kayıtlı ekonomi
_cİstanbul Sanayi Odası
260 _aİstanbul
_bİstanbul Sanayi Odası
_c2001
300 _a64 s.
_btbl.; grf.
_c28 sm.
490 _aİstanbul Sanayi Odası
_v2001/4
504 _aKaynakça var.
650 _aEkonomi
_xİstikrar
_zTürkiye
710 _aİstanbul Sanayi Odası
942 _2ddc
_cBKS
999 _c2906
_d2906